000 00644nam a2200265Ia 4500
005 20260306153012.0
008 008 260114s9999 xx 000 0 eng d
020 _a9781009099400
037 _aEBOOK
040 _aCRL
040 _beng
040 _cCRL
041 _2eng
041 _aeng
084 _qCRL
100 _aMittleman
245 0 _aAbsurdity and Meaning in Contemporary Philosophy and Jewish Thought
250 _a1st ed
260 _bCambridge University Press
260 _c2023
650 _aBuddihism
856 _uhttps://doi.org/10.1017/9781009099400
942 _cEBOOK
999 _c1701808
_d1701808